statistieken voor Landen die beginnen met Z

Klik hier om de quiz te nemen!

Generale statistieken

  • Deze quiz is al 803 keer genomen
  • De gemiddelde score is 6 of 7

Antwoord statistieken

Land % Correct
Zambia
90%
Zimbabwe
89%
Zwitserland
80%
Zuid-Korea
78%
Zuid-Afrika
75%
Zweden
73%
Zuid-Soedan
71%

Score Distributie

Percentiel op hoeveel beantwoord

Procent van mensen met elke score

Uw Scoregeschiedenis

U hebt deze quiz nog niet genomen